<?xml version="1.0" encoding="UTF-8"?>
<record
    xmlns:xsi="http://www.w3.org/2001/XMLSchema-instance"
    xsi:schemaLocation="http://www.loc.gov/MARC21/slim http://www.loc.gov/standards/marcxml/schema/MARC21slim.xsd"
    xmlns="http://www.loc.gov/MARC21/slim">

  <leader>02821    a2200253   4500</leader>
  <controlfield tag="001">24214</controlfield>
  <controlfield tag="005">20260407155526.0</controlfield>
  <controlfield tag="008">260407a2013    arg                 spa d</controlfield>
  <controlfield tag="003">AR-UNSa-BCEJYS</controlfield>
  <datafield tag="040" ind1=" " ind2=" ">
    <subfield code="a">AR-UNSa-BCEJYS</subfield>
    <subfield code="b">spa</subfield>
    <subfield code="c">AR-UNSa-BCEJYS</subfield>
  </datafield>
  <datafield tag="080" ind1=" " ind2=" ">
    <subfield code="a">657</subfield>
    <subfield code="x">Contabilidad</subfield>
  </datafield>
  <datafield tag="245" ind1="1" ind2="0">
    <subfield code="a">Normas contables para la actividad agropecuaria</subfield>
    <subfield code="p">An&#xE1;lisis y aplicaci&#xF3;n de las siguientes normas: Resoluci&#xF3;n T&#xE9;cnica N&#xBA; 22, NIC N&#xBA; 41, NIIF para Pymes, secci&#xF3;n 34</subfield>
  </datafield>
  <datafield tag="020" ind1=" " ind2=" ">
    <subfield code="a">978-987-716-004-8</subfield>
  </datafield>
  <datafield tag="250" ind1=" " ind2=" ">
    <subfield code="a">3a. ed.</subfield>
  </datafield>
  <datafield tag="264" ind1=" " ind2="1">
    <subfield code="a">Buenos Aires :</subfield>
    <subfield code="b">Osmar D. Buyatti</subfield>
    <subfield code="c">2013</subfield>
  </datafield>
  <datafield tag="300" ind1=" " ind2=" ">
    <subfield code="a">500 p.</subfield>
    <subfield code="c">22 cm.</subfield>
  </datafield>
  <datafield tag="505" ind1=" " ind2=" ">
    <subfield code="a">1. Cuestiones previas al estudio de las normas de la RT 22 - 2. Normas de medici&#xF3;n y de exposici&#xF3;n establecidas para la generalidad de las actividades agropecuarias - 3. Medici&#xF3;n de activos biol&#xF3;gicos y de productos agropecuarios - 4. Medici&#xF3;n de bienes destinados a la venta en el curso normal de la actividad - 5. Medici&#xF3;n de activos biol&#xF3;gicos con procesos de producci&#xF3;n continuos - 6. Medici&#xF3;n de activos espec&#xED;ficos de la actividad agropecuaria destinados a ser utilizados como factor de la producci&#xF3;n - 7. Medici&#xF3;n de los resultados espec&#xED;ficos de la actividad agropecuaria - 8. Rubros vinculados a la actividad agropecuaria no contemplados por la RT 22 - 9. Exposici&#xF3;n de activos y resultados espec&#xED;ficos de la actividad agropecuaria - 10. Propuesta de medici&#xF3;n de activos biol&#xF3;gicos en el proyecto de RT N&#xBA; 22, secci&#xF3;n C - 11. Aplicaci&#xF3;n de las normas internacionales de informaci&#xF3;n financiera en el &#xE1;mbito nacional  - 12. Aplicaci&#xF3;n de las normas a la actividad ganadera - 13. Aplicaci&#xF3;n de las normas internacionales de informaci&#xF3;n financiera a los procesos productivos continuos - 14. Aplicaci&#xF3;n de las normas a las caba&#xF1;as (producci&#xF3;n de reproductores) - 15. Aplicaci&#xF3;n de las normas a la agricultura - 16. Aplicaci&#xF3;n de las normas internacionales de informaci&#xF3;n financiera a los procesos productivos terminales - 17. Aplicaci&#xF3;n de las normas a la horticultura - 18. Aplicaci&#xF3;n de las normas a la fruticultura - 19. Aplicaci&#xF3;n de las normas a la actividad tambera - 20. Aplicaci&#xF3;n de las normas a la avicultura - 21. Aplicaci&#xF3;n de las normas propuestas en el P22 para entes peque&#xF1;os y medianos - 22. Aplicaci&#xF3;n de las normas de la RT 22 a la actividad forestal - 23. Contabilizaci&#xF3;n del impuesto a las ganancias en las empresas agropecuarias - 24. Estados contables de entes agropecuarios ajustados a moneda homog&#xE9;nea  </subfield>
  </datafield>
  <datafield tag="942" ind1=" " ind2=" ">
    <subfield code="c">BK</subfield>
  </datafield>
  <datafield tag="590" ind1=" " ind2=" ">
    <subfield code="a">niveau_biblio:m niveau_hierar:0</subfield>
  </datafield>
  <datafield tag="100" ind1="1" ind2=" ">
    <subfield code="a">Torres, Carlos Federico</subfield>
  </datafield>
  <datafield tag="650" ind1=" " ind2=" ">
    <subfield code="a">RESOLUCION TECNICA N&#xBA; 22
NIC N&#xBA; 41</subfield>
  </datafield>
  <datafield tag="856" ind1="4" ind2="1">
    <subfield code="u">https://biblioeco.unsa.edu.ar/pmb/images/libros/Actividad Agropecuaria.jpg</subfield>
    <subfield code="y">Imagen de portada</subfield>
    <subfield code="q">image/jpeg</subfield>
  </datafield>
  <datafield tag="650" ind1=" " ind2=" ">
    <subfield code="a"> resolucion tecnica n&#xBA; 22 nic n&#xBA; 41 </subfield>
  </datafield>
  <datafield tag="999" ind1=" " ind2=" ">
    <subfield code="c">1164</subfield>
    <subfield code="d">1164</subfield>
  </datafield>
  <datafield tag="952" ind1=" " ind2=" ">
    <subfield code="0">0</subfield>
    <subfield code="1">0</subfield>
    <subfield code="4">0</subfield>
    <subfield code="7">0</subfield>
    <subfield code="a">BCEJYS</subfield>
    <subfield code="b">BCEJYS</subfield>
    <subfield code="c">16</subfield>
    <subfield code="d">2026-04-07</subfield>
    <subfield code="l">0</subfield>
    <subfield code="o">657 T689 3ed.</subfield>
    <subfield code="p">L119624</subfield>
    <subfield code="r">2026-04-07 15:55:26</subfield>
    <subfield code="w">2026-04-07</subfield>
    <subfield code="y">L</subfield>
  </datafield>
  <datafield tag="952" ind1=" " ind2=" ">
    <subfield code="0">0</subfield>
    <subfield code="1">0</subfield>
    <subfield code="4">0</subfield>
    <subfield code="7">0</subfield>
    <subfield code="a">BCEJYS</subfield>
    <subfield code="b">BCEJYS</subfield>
    <subfield code="c">16</subfield>
    <subfield code="d">2026-04-07</subfield>
    <subfield code="l">0</subfield>
    <subfield code="o">657 T689 3ed.</subfield>
    <subfield code="p">L119625</subfield>
    <subfield code="r">2026-04-07 15:55:26</subfield>
    <subfield code="w">2026-04-07</subfield>
    <subfield code="y">L</subfield>
    <subfield code="z">HOJA DE &#xCD;NDICE MANCHADO LEVE</subfield>
  </datafield>
  <datafield tag="952" ind1=" " ind2=" ">
    <subfield code="0">0</subfield>
    <subfield code="1">0</subfield>
    <subfield code="4">0</subfield>
    <subfield code="7">0</subfield>
    <subfield code="a">BCEJYS</subfield>
    <subfield code="b">BCEJYS</subfield>
    <subfield code="c">16</subfield>
    <subfield code="d">2026-04-07</subfield>
    <subfield code="l">0</subfield>
    <subfield code="o">657 T689 3ed.</subfield>
    <subfield code="p">L125284</subfield>
    <subfield code="r">2026-04-07 15:55:26</subfield>
    <subfield code="w">2026-04-07</subfield>
    <subfield code="y">L</subfield>
    <subfield code="z">CANTO MANCHADO - PARTIDO P&#xC1;G. 82 - HOJAS SUELTAS P&#xC1;G. 79-90</subfield>
  </datafield>
  <datafield tag="952" ind1=" " ind2=" ">
    <subfield code="0">0</subfield>
    <subfield code="1">0</subfield>
    <subfield code="4">0</subfield>
    <subfield code="7">0</subfield>
    <subfield code="a">BCEJYS</subfield>
    <subfield code="b">BCEJYS</subfield>
    <subfield code="c">16</subfield>
    <subfield code="d">2026-04-07</subfield>
    <subfield code="l">0</subfield>
    <subfield code="o">657 T689 3ed.</subfield>
    <subfield code="p">L125285</subfield>
    <subfield code="r">2026-04-07 15:55:27</subfield>
    <subfield code="w">2026-04-07</subfield>
    <subfield code="y">L</subfield>
    <subfield code="z">PRIMERAS HOJAS H&#xDA;MEDAS</subfield>
  </datafield>
  <datafield tag="952" ind1=" " ind2=" ">
    <subfield code="0">0</subfield>
    <subfield code="1">0</subfield>
    <subfield code="4">0</subfield>
    <subfield code="7">0</subfield>
    <subfield code="a">BCEJYS</subfield>
    <subfield code="b">BCEJYS</subfield>
    <subfield code="c">16</subfield>
    <subfield code="d">2026-04-07</subfield>
    <subfield code="l">0</subfield>
    <subfield code="o">657 T689 3ed.</subfield>
    <subfield code="p">L125286</subfield>
    <subfield code="r">2026-04-07 15:55:27</subfield>
    <subfield code="w">2026-04-07</subfield>
    <subfield code="y">L</subfield>
  </datafield>
  <datafield tag="952" ind1=" " ind2=" ">
    <subfield code="0">0</subfield>
    <subfield code="1">0</subfield>
    <subfield code="4">0</subfield>
    <subfield code="7">0</subfield>
    <subfield code="a">BCEJYS</subfield>
    <subfield code="b">BCEJYS</subfield>
    <subfield code="c">16</subfield>
    <subfield code="d">2026-04-07</subfield>
    <subfield code="l">0</subfield>
    <subfield code="o">657 T689 3ed.</subfield>
    <subfield code="p">L125287</subfield>
    <subfield code="r">2026-04-07 15:55:27</subfield>
    <subfield code="w">2026-04-07</subfield>
    <subfield code="y">L</subfield>
  </datafield>
  <datafield tag="952" ind1=" " ind2=" ">
    <subfield code="0">0</subfield>
    <subfield code="1">0</subfield>
    <subfield code="4">0</subfield>
    <subfield code="7">0</subfield>
    <subfield code="a">BCEJYS</subfield>
    <subfield code="b">BCEJYS</subfield>
    <subfield code="c">16</subfield>
    <subfield code="d">2026-04-07</subfield>
    <subfield code="l">0</subfield>
    <subfield code="o">657 T689 3ed.</subfield>
    <subfield code="p">L125288</subfield>
    <subfield code="r">2026-04-07 15:55:27</subfield>
    <subfield code="w">2026-04-07</subfield>
    <subfield code="y">L</subfield>
    <subfield code="z">CANTO MANCHADO - 1&#xB0; HOJA MANCHADA </subfield>
  </datafield>
  <datafield tag="952" ind1=" " ind2=" ">
    <subfield code="0">0</subfield>
    <subfield code="1">0</subfield>
    <subfield code="4">0</subfield>
    <subfield code="7">0</subfield>
    <subfield code="a">BCEJYS</subfield>
    <subfield code="b">BCEJYS</subfield>
    <subfield code="c">16</subfield>
    <subfield code="d">2026-04-07</subfield>
    <subfield code="l">0</subfield>
    <subfield code="o">657 T689 3ed.</subfield>
    <subfield code="p">L118018</subfield>
    <subfield code="r">2026-04-07 15:55:27</subfield>
    <subfield code="w">2026-04-07</subfield>
    <subfield code="y">L</subfield>
  </datafield>
</record>
